000 00938nam a2200205 i 4500
001 163878
003 ES-MaACL
005 20230906212829.0
008 931025s1669 sp |||| | lat d
040 _aCYL
_bspa
_cPAB
100 1 _aRojas Jordan de Tortosa, Hermenegildo.
_9132001
245 1 0 _aAppendix ad hunc Tractatum ... D.D. [sic] de Roxas de incompatibilitate regnorum & maioratumm : ad quem sequentia duo capita referuntur : quorum prius ad partem septimam spectat, de incompatibilitate in iure canonico, posterius vero ad partem octauam de incompatibilitate in iure regio hispanico].
260 _aProstat Barcinone :
_bapud Antonium Lacavalleria,
_c1669.
300 _a22, [2] p. ;
_cFol.
597 _aSign.: A-C4.
597 _aTexto a dos col.
650 4 _aReyes y soberanos-
_xSucesión.
_9155183
700 1 _aLacavallería, Antonio.
_9128557
852 _aES-MaACL
_jR-1550(2)
_z-- Enc. perg.
_x Olim: G-2980
999 _c163878
_d163878